Dante y Campanella: dos visiones de una sociedad mundial
Gardado en:
| Autor Principal: | |
|---|---|
| Formato: | Libro |
| Idioma: | Lingua castelá |
| Publicado: |
Madrid
Tecnos
1968
|
| Series: | Colección Semblanzas. Los hombres y sus ideas
|
| Subjects: | |
| Tags: |
Engadir etiqueta
Sen Etiquetas, Sexa o primeiro en etiquetar este rexistro!
|
MARC
| LEADER | 00000nam a2200000 a 4500 | ||
|---|---|---|---|
| 001 | UCV2099 | ||
| 003 | CL-VaPUC | ||
| 005 | 20230120114934.0 | ||
| 008 | 911016e19680000SP |||||||||||||||||spa|d | ||
| 999 | |c 209783 |d 209781 | ||
| 040 | |c Pontificia Universidad Católica de Valparaíso | ||
| 082 | 0 | 4 | |a 340.1 |b TRU |2 21 |
| 100 | 0 | |a Truyol y Serra, Antonio |e author |9 296331 | |
| 245 | 1 | 0 | |a Dante y Campanella: dos visiones de una sociedad mundial |
| 260 | |a Madrid |b Tecnos |c 1968 | ||
| 300 | |a 172 p | ||
| 490 | 0 | |a Colección Semblanzas. Los hombres y sus ideas | |
| 583 | |a last modification |c 19911016 00:00:00 |k Rodrigo Vera | ||
| 600 | 0 | |a Campanella, Tommaso |d 1568-1639 |9 880019 | |
| 600 | 0 | |a Alighieri, Dante |d 1265-1321 |9 880015 | |
| 942 | |c BK |2 ddc | ||
| 945 | |d 19911016 00:00:00 | ||
| 952 | |0 0 |1 0 |4 0 |6 340_100000000000000_TRU_1968 |7 0 |8 DER_TF |9 185528 |a BIBDER |b BIBDER |d 2019-11-14 |i 2530104 |o 340.1 TRU 1968 |p 2530104 |r 2023-01-25 |w 2019-11-14 |x Ubicación 4to Piso |y BK |z Estos recursos deben solicitarse con anticipación |k DER | ||